[Event "Kavala op 15th"]
[Site "Kavala"]
[Date "2006.07.05"]
[Round "2"]
[White "Hamilakis, Vasililios"]
[Black "Auth, Robert"]
[Result "1-0"]
[WhiteElo "1900"]
[BlackElo "2058"]
[PlyCount "41"]
[EventDate "2006.07.04"]
[EventType "swiss"]
[EventRounds "9"]
[EventCountry "GRE"]
[SourceTitle "CBM 113 Extra"]
[Source "ChessBase"]
[SourceDate "2006.09.14"]
[SourceVersion "1"]
[SourceVersionDate "2006.09.14"]
[SourceQuality "1"]

1. d4 d5 2. c4 Nf6 3. Nc3 c6 4. e3 g6 5. Bd3 Bg7 6. Nge2 0-0 7. Ng3 Nbd7 8. 0-0 e5 9. cxd5 exd4 10. dxc6 dxc3 11. cxd7 Nxd7 12. bxc3 Bxc3 13. Rb1 Nc5 14. Be2 Be6 15. Qc2 Qf6 16. Bf3 Bc4 17. Rd1 Rad8 18. Ba3 Rxd1+ 19. Rxd1 b6 20. Bxc5 bxc5 21. Ne4 1-0